000 00768nas a2200265 4500
001 BR9203313
003 BR-BrBNA
005 20231205092628.0
007 ta
008 230509b bl.|||p| |||| 00| 00por d
040 _aBR-BrBNA
_bpor
_cBiblioteca Nacional de Agricultura
041 _a(Pt)
072 _aH10
100 1 _aMoraes, L.A.H. de
100 1 _aChouene, E.C.
100 1 _aBraun, J.
245 1 _aEfeito de atrativos na captura de Anastrepha spp. (Diptera, Tephritidae)
650 _aMOSCA DAS FRUTAS
650 _aATRATIVO
650 _aISCA
650 _aCAPTURA
773 0 _tAgronomia Sulriograndense (Brazil)
_xISSN 0400-8111
_g(Jan 1988), v. 24(1) p. 47-53
_wBR9203313
909 _a202311
_bLúcia
_c55
_dLúcia Elande
942 _2AGRIS
_n0
_cANA
999 _c132993
_d132993